Statistieken voor Verenigde Arabische Emiraten Trivia Quiz

Klik hier om de quiz te nemen!

Algemene statistieken

  • Deze quiz is 321 keer genomen
  • De gemiddelde score is 12 van 19

Antwoordstatistieken

HintAntwoord% Correct
Meest bevolkte stadDubai
97%
Aangrenzende landenSaoedi-Arabië
94%
Hoogste gebouw ter wereldBurj {Khalifa}
89%
HoofdstadAbu Dhabi
88%
Officiële taalArabisch
88%
Aangrenzende landenOman
87%
Belangrijkste exportproductOlie
80%
De Burj Al Arab is beschreven als 's werelds enige zevensterren____Hotel
75%
Een moslim die betrapt wordt op het drinken van alcohol kan worden bestraft met maximaal tachtig _______Zweepslagen
65%
Golf waar de VAE aan ligtPerzische Golf
62%
Meer dan twee keer zoveel inwoners van de VAE zijn in dit land geboren dan in de VAE zelfIndia
56%
De bovenstaande stad heeft de op twee na drukste ____ in de wereld, en moet alleen Atlanta en Beijing voor zich duldenLuchthaven
56%
Land waaruit de VAE in 1971 onafhankelijk werdVerenigd Koninkrijk
56%
Pretpark met een auto-thema met 's werelds snelste achtbaan{Ferrari} World
52%
Titel gebruikt door de heersers van de zeven individuele emiratenSjeik
43%
Populaire sport die ooit kinderen in dienst had, maar nu robots gebruikt{Kameel}racen
41%
ValutaDirham
35%
Type vogel dat op het nationale embleem staatValk
30%
Op twee na meest bevolkte stadSharjah
25%

Scoreverdeling

Percentiel versus Aantal Correcte Antwoorden

Procent van Mensen met Elke Score

Uw Scoregeschiedenis

U heeft deze quiz nog niet genomen